Modeling the Viscoelastic Behavior of Engine Oil in the Crankshaft-Journal-Bearing of High Torque Low-Speed Diesel Engine / (Record no. 536432)

000 -LEADER
fixed length control field 00520nam a22001457a 4500
082 ## - DEWEY DECIMAL CLASSIFICATION NUMBER
Classification number 620.1
100 ## - MAIN ENTRY--PERSONAL NAME
Personal name Zia, Talha
245 ## - TITLE STATEMENT
Title Modeling the Viscoelastic Behavior of Engine Oil in the Crankshaft-Journal-Bearing of High Torque Low-Speed Diesel Engine /
Statement of responsibility, etc. Talha Zia
260 ## - PUBLICATION, DISTRIBUTION, ETC.
Place of publication, distribution, etc. Islamabad :
Name of publisher, distributor, etc. CEME - NUST,
Date of publication, distribution, etc. 2017.
300 ## - PHYSICAL DESCRIPTION
Extent 59 p. ;
Dimensions 30cm.
650 ## - SUBJECT ADDED ENTRY--TOPICAL TERM
Topical term or geographic name entry element Mechanical Engineering-MS-Thesis
700 ## - ADDED ENTRY--PERSONAL NAME
Personal name Dr. Raja Amer Azim
942 ## - ADDED ENTRY ELEMENTS (KOHA)
Source of classification or shelving scheme
Koha item type Thesis
650 ## - SUBJECT ADDED ENTRY--TOPICAL TERM
-- 16090
700 ## - ADDED ENTRY--PERSONAL NAME
-- 31523
Holdings
Withdrawn status Lost status Source of classification or shelving scheme Damaged status Not for loan Permanent Location Current Location Shelving location Date acquired Total Checkouts Full call number Barcode Date last seen Price effective from Koha item type
          Central Library (CL) Central Library (CL) Thesis 10/15/2020   620.1 CL-T-426 10/15/2020 10/15/2020 Thesis
© 2023 Central Library, National University of Sciences and Technology. All Rights Reserved.